Cuando los agresores sexuales son niños y adolescentes. Parentalidad e instituciones (Registro nro. 32848)
[ vista simple ]
| 000 -LEADER | |
|---|---|
| fixed length control field | 00407 a2200109 4500 |
| 001 - CONTROL NUMBER | |
| control field | ART_47147 |
| 005 - DATE AND TIME OF LATEST TRANSACTION | |
| control field | 20260410162018.0 |
| 008 - FIXED-LENGTH DATA ELEMENTS--GENERAL INFORMATION | |
| fixed length control field | 260409a |
| 100 1# - MAIN ENTRY--PERSONAL NAME | |
| Personal name | Berlinerblau, Virginia |
| 245 10 - TITLE STATEMENT | |
| Title | Cuando los agresores sexuales son niños y adolescentes. Parentalidad e instituciones |
| 773 0# - HOST ITEM ENTRY | |
| Title | Temas de derecho de familia, sucesiones y bioética |
| Related parts | - Año 3, N° 7 (jul. 2018) |
| Record control number | REV41029 |
No hay ítems disponibles.